000 00662nam a22002537a 4500
003 UA-OsUOA
001 21724
007 ta
008 20031212b un ||||| |||| 00| 0 ukr d
100 _aОганесян А.А.
090 _a008(042.4)
_bК90
942 _cBK
040 _aUA-OsUOA
_brus
_cUA-OsUOA
_dUA-OsUOA
245 _aКультурология
_bКонспект лекций в схемах
_cСост. В.П.Водопьянов
300 _a160 с.
955 _a0
041 _arus
080 _a008(042.4)
020 _a5-7990-0635-6
260 _aМосква
_bПРИОР
_c2001
044 _aRU
650 7 _2UDC
999 _c307931
_d307931